Cây mía

Sách cung cấp nhiều tư liệu về kỹ thuật trồng mía đường. Nội dung gồm 5 chương: 1) đại cương về việc sản xuất mía đường trên thế giới và ở Việt Nam. 2) đặc điểm sinh vật học và yêu cầu sinh thái của cây mía. 3) các giống mía nhập...

Полное описание

Сохранить в:
Библиографические подробности
Главный автор: Lê Song Dự
Формат:
Язык:Undetermined
Опубликовано: Tp. HCM Nông Nghiệp 1997
Предметы:
Метки: Добавить метку
Нет меток, Требуется 1-ая метка записи!
Thư viện lưu trữ: Trung tâm Học liệu Trường Đại học Cần Thơ
LEADER 01280nam a2200181Ia 4500
001 CTU_20240
008 210402s9999 xx 000 0 und d
082 |a 633.61 
082 |b D550 
100 |a Lê Song Dự 
245 0 |a Cây mía 
245 0 |c Lê Song Dự, Nguyễn Thị Quý Mùi 
260 |a Tp. HCM 
260 |b Nông Nghiệp 
260 |c 1997 
520 |a Sách cung cấp nhiều tư liệu về kỹ thuật trồng mía đường. Nội dung gồm 5 chương: 1) đại cương về việc sản xuất mía đường trên thế giới và ở Việt Nam. 2) đặc điểm sinh vật học và yêu cầu sinh thái của cây mía. 3) các giống mía nhập nội hiện trồng trong sản xuất (đặc điểm, nhận dạng), các bước trong công tác chọn lọc giống mía, một số phương pháp nhân giống mía tốt. 4) kỹ thuật trồng trọt (chuẩn bị đất, thời vụ, bón phân, chăm sóc). 5) sâu, bệnh, động vật hại mía và cách phòng trừ 
650 |a agriculture,plants, cultivated,sugarcane 
980 |a Trung tâm Học liệu Trường Đại học Cần Thơ